<?xml version="1.0" encoding="UTF-8"?>
<record
    xmlns:xsi="http://www.w3.org/2001/XMLSchema-instance"
    xsi:schemaLocation="http://www.loc.gov/MARC21/slim http://www.loc.gov/standards/marcxml/schema/MARC21slim.xsd"
    xmlns="http://www.loc.gov/MARC21/slim">

  <leader>01618nam a2200205Ia 4500</leader>
  <controlfield tag="001">b6357-45347 </controlfield>
  <controlfield tag="003">IT-MiCISF</controlfield>
  <controlfield tag="008">161014s9999||||xx |||||||||||||| ||und||</controlfield>
  <datafield tag="040" ind1=" " ind2=" ">
    <subfield code="a">IT-MiCISF</subfield>
    <subfield code="c">IT-MiCISF</subfield>
  </datafield>
  <datafield tag="041" ind1=" " ind2=" ">
    <subfield code="a">it</subfield>
  </datafield>
  <datafield tag="100" ind1=" " ind2=" ">
    <subfield code="a">AA.VV.</subfield>
  </datafield>
  <datafield tag="245" ind1=" " ind2="0">
    <subfield code="a">Immigrazione. Dossier Statistico 2007</subfield>
    <subfield code="b">XVII Rapporto sull'immigrazione</subfield>
  </datafield>
  <datafield tag="250" ind1=" " ind2=" ">
    <subfield code="a">1a ed.</subfield>
  </datafield>
  <datafield tag="260" ind1=" " ind2=" ">
    <subfield code="a"> Roma</subfield>
    <subfield code="b">Idos</subfield>
    <subfield code="c">2007</subfield>
  </datafield>
  <datafield tag="300" ind1=" " ind2=" ">
    <subfield code="a">pp. 511</subfield>
  </datafield>
  <datafield tag="500" ind1=" " ind2=" ">
    <subfield code="a">Caritas/Migrantes / societ&#xE0;-multiculturale, statistica, situazione-demografica, bambini-immigrati, matrimonio-misto, lavoro, comparazione / Sono oltre 100 i redattori che hanno partecipato alla stesura di questo XVII Rapporto Caritas-Migrantes sull'immigrazione. Il corposo volume si articola in cinque parti: 1. Il contesto internazionale ed europeo; 2. Gli stranieri soggiornanti in Italia; 3. L'inserimento socio-culturale; 4. Il mondo del lavoro; 5. I contesti regionali, precedute da una scheda riepilogativa e concluse da un inserto speciale dedicato ai rifugiati. La usuale struttura del Rapporto &#xE8; stata quindi arricchita con nuovi approfondimenti riguardanti il soggiorno e la residenza degli immigrati, gli indici di integrazione, il collegamento con il mercato del lavoro e un'articolata analisi comparativa delle leggi regionali sull'immigrazione. A livello territoriale grande attenzione &#xE8; stata dedicata all'area dell'Europa allargata e ai contesti regionali (cui si aggiunge un approfondimento sulla Capitale), arricchiti da tabelle e schede anche a livello provinciale.</subfield>
  </datafield>
  <datafield tag="650" ind1=" " ind2=" ">
    <subfield code="a"> Famiglia nella societ&#xE0; / societ&#xE0;</subfield>
    <subfield code="e">006</subfield>
  </datafield>
  <datafield tag="942" ind1=" " ind2=" ">
    <subfield code="c">BK</subfield>
  </datafield>
  <datafield tag="957" ind1=" " ind2=" ">
    <subfield code="7">1</subfield>
  </datafield>
  <datafield tag="999" ind1=" " ind2=" ">
    <subfield code="a">45347</subfield>
    <subfield code="b">si</subfield>
    <subfield code="g">1</subfield>
    <subfield code="c">210694</subfield>
    <subfield code="d">210694</subfield>
  </datafield>
  <datafield tag="952" ind1=" " ind2=" ">
    <subfield code="0">0</subfield>
    <subfield code="1">0</subfield>
    <subfield code="4">0</subfield>
    <subfield code="6">B_635745347</subfield>
    <subfield code="7">1</subfield>
    <subfield code="a">CISF</subfield>
    <subfield code="b">CISF</subfield>
    <subfield code="d">2016-10-14</subfield>
    <subfield code="l">0</subfield>
    <subfield code="o">b6357-45347 </subfield>
    <subfield code="r">2016-10-14 00:00:00</subfield>
    <subfield code="w">2016-10-14</subfield>
    <subfield code="y">BK</subfield>
    <subfield code="z">Data import 15.10.2016 / by Epidotti, Vaglietti</subfield>
  </datafield>
</record>
